Lieux du 2e Arrondissement de Lyon - Statistiques

Statistiques générales
  • Ce quiz a été pris 24 fois
  • Le résultat moyen est 4 sur 13
Statistiques - réponses
Indice Lieu % Correct
Place très grande La Place Bellecour
95%
Musée Musée des Confluences
45%
Place avec la fontaine La Place des Jacobins
41%
Place au nord de la Perrache La Place Carnot
32%
Où nous allons patiner La Patinoire Charlemagne
27%
Théâtre Les Célestins
27%
Ancien hôpital Grand Hôtel-Dieu
23%
Quartier où nous faisons du shopping La Confluence
23%
Chambre de commerce Palais de la Bourse
23%
Église dans le nord Église Saint-Nizier
14%
Église sur Charlemagne Église Sainte-Blandine
9%
Gare centrale La Gare Lyon-Perrache
9%
Basilique de la Pl. des Cordeliers La Basilique Saint-Bonaventure
5%
Aucun quiz correspondant
Distribution des résultats
% des personnes avec chaque résultat
Percentile par nombre de réponses
Votre historique - résultats
Vous n’avez pas pris ce quiz